|
|
|
|
| LEADER |
00000cam a2200000 i 4500 |
| 001 |
1/21536 |
| 008 |
060112s1997####gr | | ||| |||| ||gre|| |
| 020 |
|
|
|a 9607073401
|
| 035 |
|
|
|l 10081907
|
| 040 |
|
|
|a GR-MyUA
|b gre
|e AACR2
|
| 041 |
1 |
|
|a gre
|h spa
|
| 082 |
0 |
|
|a 863
|2 (22)
|
| 100 |
1 |
|
|a Delgado Aparain, Mario,
|d 1949-
|
| 245 |
1 |
0 |
|a Ai nid tubi fri =
|b Η μπαλάντα του Τζόνι Σόσα /
|c Mario Delgado Aparain.
|
| 246 |
1 |
|
|i Παράλληλος τίτλος:
|a Η μπαλάντα του Τζόνι Σόσα
|
| 260 |
|
|
|a Αθήνα :
|b Opera,
|c 1997.
|
| 300 |
|
|
|a 112 σ. ;
|c 21 εκ.
|
| 500 |
|
|
|a Τίτλος πρωτοτύπου: La balada de Johny Sosa.
|
| 650 |
0 |
0 |
|a Uruguayan fiction.
|
| 700 |
1 |
|
|a Δήμου, Χαράλαμπος,
|e trl
|
| 852 |
|
|
|a INST
|b SAMOS
|e 20060112
|h 863 DEL
|p 005300024943
|q 005300024943
|t BK
|y 0
|
| 901 |
|
|
|a BIBL3-2006-1
|
| 909 |
|
|
|a Σ
|b 114721
|
| 970 |
|
|
|a ΚΟΣΙΕΡΗΣ
|b ΧΡΗΣΤΟΣ
|z 2006/01/12
|